000 00996nam a2200217 i 4500
001 163628
003 ES-MaACL
005 20230906212758.0
008 050715s1840 fr | |||||||| ||fre d
040 _aCAM
_bspa
_cCAM
100 1 _aRobertson, William (
_d1721-1793)
_9164575
245 1 0 _aOeuvres complètes de W. Robertson /
_cprécédées d'une notice par J.A.C. Buchon.
260 _aParis :
_bAuguste Desrez imprimeur-éditeur,
_c1840 (
_eBatignolles-Monceaux :
_fImprimerie d'Auguste Desrez)
300 _a2 v. (VI, 636; VIII, 876 p.) ;
_c26 cm.
490 1 _aPanthéon littéraire. Littérature anglaise. Histoire
505 8 _aContiene: t. 1. Histoire de l'empereur Charles-Quint ; Recherches historiques sur l'Inde ancienne. -- t. 2. Histoire d'Ecosse ; Histoire d'Amérique
700 1 _aBuchon, Jean-Alexandre.
_9126221
830 0 _aPanthéon littéraire. Littérature anglaise. Histoire
_9188441
852 _aES-MaACL
_jG-13586-87
_z-- Enc. hol.
999 _c163628
_d163628